Normal view
MARC view
- Ruiz Esparza Fernández, Alejandra
Entry Nombre Personal
001 - NUMERO DE CONTROL
- campo de control: 51405
003 - IDENTIFICADOR DE NUMERO DE CONTROL
- campo de control: UPN
005 - FECHA Y HORA DE LA ÜLTIMA TRANSACCIÓN
- campo de control: 20240319085556.0
008 - DATOS DE LONGITUD FIJA
- campo de control de longitud fija: 240319|| acn||aabn | aaa d
040 ## - FUENTE DE CATALOGACIÓN
- Agencia original de catalogación: MX-MxUPN
- Lenguaje de catalogación: spa
- Agencia de transcripción: MX-MxUPN
100 1# - ENCABEZAMIENTO - NOMBRE PERSONAL
- Nombre personal: Ruiz Esparza Fernández, Alejandra
670 ## - FUENTE EN LA QUE SE LOCALIZARON DATOS
- Cita de la fuente: Pocoyó: las figuras, 2011:
- Información localizada: (Textos y diseño gráfico: Alejandra Ruiz Esparza Fernández)
670 ## - FUENTE EN LA QUE SE LOCALIZARON DATOS
- Cita de la fuente: Autoridades BNM, 19 marzo 2024:
- Información localizada: (Ruiz Esparza Fernández, Alejandra)
902 ## - CATALOGADOR
- Catalogador: MaríaRobles/190324
